header

Lifespan development (Record no. 259460)

MARC details
000 -LEADER
fixed length control field 00524nam a22001817a 4500
003 - CONTROL NUMBER IDENTIFIER
control field OSt
005 - DATE AND TIME OF LATEST TRANSACTION
control field 20230704093330.0
008 - FIXED-LENGTH DATA ELEMENTS--GENERAL INFORMATION
fixed length control field 220928b xxu||||| |||| 00| 0 eng d
020 ## - INTERNATIONAL STANDARD BOOK NUMBER
International Standard Book Number 0205431984,
International Standard Book Number 9780205431984,
040 ## - CATALOGING SOURCE
Language of cataloging Eng
Transcribing agency RU
050 ## - LIBRARY OF CONGRESS CALL NUMBER
Classification number BF713
Item number .B437 2006
245 ## - TITLE STATEMENT
Title Lifespan development
Statement of responsibility, etc Helen Bee, Denise Boyd, Paul Johnson.
250 ## - EDITION STATEMENT
Edition statement 2nd Canadian ed.
260 ## - PUBLICATION, DISTRIBUTION, ETC. (IMPRINT)
Place of publication, distribution, etc Toronto :
Name of publisher, distributor, etc Pearson Allyn & Bacon,
Date of publication, distribution, etc ©2006.
300 ## - PHYSICAL DESCRIPTION
Extent 1 volume (xxv, 675 pages)
Dimensions ; 28 cm
942 ## - ADDED ENTRY ELEMENTS (KOHA)
Source of classification or shelving scheme Library of Congress Classification
Koha item type Long Loan Books
Holdings
Withdrawn status Lost status Source of classification or shelving scheme Damaged status Not for loan Collection code Home library Current library Shelving location Date acquired Total Checkouts Full call number Barcode Date last seen Date checked out Price effective from Koha item type
    Library of Congress Classification     Non-fiction Rongo University Library Rongo University Library General Stacks 28/09/2022 1 BF713 .B437 2006 201901738 08/11/2023 25/10/2023 28/09/2022 Long Loan Books

© 2026 Rongo University
Contact us: librarian | system librarian | Rongo university